MARC details
| 000 -LEADER |
| fixed length control field |
02023cam a2200457Ka 4500 |
| 001 - CONTROL NUMBER |
| control field |
ocn864829300 |
| 003 - CONTROL NUMBER IDENTIFIER |
| control field |
OCoLC |
| 005 - DATE AND TIME OF LATEST TRANSACTION |
| control field |
20241010163622.0 |
| 008 - FIXED-LENGTH DATA ELEMENTS--GENERAL INFORMATION |
| fixed length control field |
131209s2013 ch b 000 0 chi d |
| 020 ## - INTERNATIONAL STANDARD BOOK NUMBER |
| International Standard Book Number |
9789861983370 |
| 020 ## - INTERNATIONAL STANDARD BOOK NUMBER |
| International Standard Book Number |
9861983376 |
| 035 ## - SYSTEM CONTROL NUMBER |
| System control number |
(OCoLC)864829300 |
| 041 1# - LANGUAGE CODE |
| Language code of text/sound track or separate title |
chi |
| Language code of original and/or intermediate translations of text |
eng |
| 100 1# - MAIN ENTRY--PERSONAL NAME |
| Personal name |
賴特 Wright, N. T. |
| Fuller form of name |
(Nicholas Thomas) |
| 240 10 - UNIFORM TITLE |
| Uniform title |
<a href="New Testament and the people of God.">New Testament and the people of God.</a> |
| Language of a work |
Chinese |
| 245 10 - TITLE STATEMENT |
| Title |
Xin yue yu Shen de zi min = New Testament and the people of God {ch} / |
| Statement of responsibility, etc |
Laite = N.T. Wright zhu ; Zuo Xintai yi. |
| 250 ## - EDITION STATEMENT |
| Linkage |
880-02 |
| Edition statement |
Chu ban. |
| 260 ## - PUBLICATION, DISTRIBUTION, ETC. (IMPRINT) |
| Linkage |
880-03 |
| Place of publication, distribution, etc |
Xinbei Shi : |
| Name of publisher, distributor, etc |
Xiao yuan shu fang chu ban she, |
| Date of publication, distribution, etc |
2013. |
| 300 ## - PHYSICAL DESCRIPTION |
| Extent |
xxvi, 768 p. ; |
| Dimensions |
23cm. |
| 336 ## - CONTENT TYPE |
| Source |
rdacontent |
| 337 ## - MEDIA TYPE |
| Source |
rdamedia |
| 338 ## - CARRIER TYPE |
| Source |
rdacarrier |
| 490 ## - SERIES STATEMENT |
| Series statement |
基督教起源與上帝議題 Jidu jiao qi yuan yu shang di yi ti = |
| -- |
Christian orgions and the question of God ; |
| Volume number/sequential designation |
1 |
| 490 ## - SERIES STATEMENT |
| Linkage |
880-05 |
| Series statement |
Li cheng bei xi lie. er shi shi ji jie zuo xuan |
| 500 ## - GENERAL NOTE |
| General note |
Translation of : The New Testament and the people of God / N T Wright ; Christian origins and the question of God series; London : SPCK, c1992. |
| 504 ## - BIBLIOGRAPHY, ETC. NOTE |
| Bibliography, etc |
Includes bibliographical references and indexes. |
| 630 00 - SUBJECT ADDED ENTRY--UNIFORM TITLE |
| Uniform title |
Bible. |
| Name of part/section of a work |
New Testament. |
| Language of a work |
English. |
| Version |
Revised Standard. |
| Date of a work |
1989. |
| 630 00 - SUBJECT ADDED ENTRY--UNIFORM TITLE |
| Uniform title |
Bible. |
| Name of part/section of a work |
New Testament |
| General subdivision |
Theology. |
| 630 00 - SUBJECT ADDED ENTRY--UNIFORM TITLE |
| Uniform title |
Bible. |
| Name of part/section of a work |
New Testament |
| General subdivision |
Criticism, Textual. |
| 650 #0 - SUBJECT ADDED ENTRY--TOPICAL TERM |
| Topical term or geographic name as entry element |
God |
| General subdivision |
Biblical teaching. |
| 650 #0 - SUBJECT ADDED ENTRY--TOPICAL TERM |
| Topical term or geographic name as entry element |
God (Christianity) |
| General subdivision |
History of doctrines |
| Chronological subdivision |
Early church, ca. 30-600. |
| 650 #0 - SUBJECT ADDED ENTRY--TOPICAL TERM |
| Topical term or geographic name as entry element |
Christianity |
| General subdivision |
Origin. |
| 650 #0 - SUBJECT ADDED ENTRY--TOPICAL TERM |
| Topical term or geographic name as entry element |
People of God |
| General subdivision |
History of doctrines |
| Chronological subdivision |
Early church, ca. 30-600. |
| 650 #0 - SUBJECT ADDED ENTRY--TOPICAL TERM |
| Topical term or geographic name as entry element |
Church history |
| Chronological subdivision |
Primitive and early church, ca. 30-600. |
| 650 #0 - SUBJECT ADDED ENTRY--TOPICAL TERM |
| Topical term or geographic name as entry element |
Judaism |
| General subdivision |
History |
| Chronological subdivision |
Talmudic period, 10-425. |
| 650 #0 - SUBJECT ADDED ENTRY--TOPICAL TERM |
| Topical term or geographic name as entry element |
Christianity and other religions |
| General subdivision |
Judaism. |
| 650 #0 - SUBJECT ADDED ENTRY--TOPICAL TERM |
| Topical term or geographic name as entry element |
Judaism |
| General subdivision |
Relations |
| -- |
Christianity. |
| 700 1# - ADDED ENTRY--PERSONAL NAME |
| Personal name |
Zuo, Xintai. |
| 800 1# - SERIES ADDED ENTRY--PERSONAL NAME |
| Personal name |
Wright, N. T. |
| Fuller form of name |
(Nicholas Thomas). |
| Title of a work |
Christian origins and the question of God ; |
| Volume/sequential designation |
v. 1. |
| 942 ## - ADDED ENTRY ELEMENTS (KOHA) |
| Source of classification or shelving scheme |
Library of Congress Classification |
| Item type |
Books |
| Koha issues (borrowed), all copies |
12 |